LEADER 02963nam 2200601Ia 450 001 9910458485703321 005 20200520144314.0 010 $a1-280-63056-6 010 $a9786610630561 010 $a0-08-045802-5 035 $a(CKB)1000000000364681 035 $a(EBL)270109 035 $a(OCoLC)181373747 035 $a(SSID)ssj0000147499 035 $a(PQKBManifestationID)11152929 035 $a(PQKBTitleCode)TC0000147499 035 $a(PQKBWorkID)10010483 035 $a(PQKB)10652496 035 $a(MiAaPQ)EBC270109 035 $a(CaSebORM)9780120885312 035 $a(Au-PeEL)EBL270109 035 $a(CaPaEBR)ebr10138013 035 $a(CaONFJC)MIL63056 035 $a(EXLCZ)991000000000364681 100 $a20060519d2006 uy 0 101 0 $aeng 135 $aurunu||||| 181 $ctxt 182 $cc 183 $acr 200 10$aEngineering ethics$b[electronic resource] $ean industrial perspective /$fGail D. Baura 205 $a1st edition 210 $aBoston $cElsevier Academic Press$dc2006 215 $a1 online resource (241 p.) 300 $aDescription based upon print version of record. 311 $a0-12-088531-X 320 $aIncludes bibliographical references and index. 327 $aA personal engineering ethics threshold -- Options for action when an engineering ethics threshold is reached -- 1978: Ford Pinto recall -- 1981: Kansas City Hyatt Regency skywalk collapse -- 1986: Challenger space shuttle explosion -- 1989: Exxon Valdez oil spill -- 1989: San Francisco-Oakland Bay Bridge earthquake collapse -- 1994: Bjork-Shiley heart valve defect -- 1999: Y2K software conversion -- 2002: Bell Laboratories scientific fraud -- 2002: Ford Explorer rollover -- 2003: Columbia space shuttle explosion -- 2003: Guidant Ancure Endograft System -- 2003: Northeast blackout -- 2004: Indian Ocean tsunami -- Anonymous industrial engineering ethics cases. 330 $aEngineering Ethics is the application of philosophical and moral systems to the proper judgment and behavior by engineers in conducting their work, including the products and systems they design and the consulting services they provide. In light of the work environment that inspired the new Sarbanes/Oxley federal legislation on "whistle-blowing? protections, a clear understanding of Engineering Ethics is needed like never before. Beginning with a concise overview of various approaches to engineering ethics, the real heart of the book will be some 13 detailed case studies, delving 606 $aEngineering ethics 606 $aEngineering ethics$vCase studies 608 $aElectronic books. 615 0$aEngineering ethics. 615 0$aEngineering ethics 676 $a174.962 700 $aBaura$b Gail D$0927406 801 0$bMiAaPQ 801 1$bMiAaPQ 801 2$bMiAaPQ 906 $aBOOK 912 $a9910458485703321 996 $aEngineering ethics$92083743 997 $aUNINA LEADER 01138nam a22002651i 4500 001 991002547989707536 005 20030728141019.0 008 030925s1982 gw |||||||||||||||||ger 035 $ab12304013-39ule_inst 035 $aARCHE-035157$9ExL 040 $aBiblioteca Interfacoltà$bita$cA.t.i. Arché s.c.r.l. Pandora Sicilia s.r.l. 082 04$a610 100 1 $aDeichgräber, Karl$0186274 245 14$aDie patienten des Hippokrates :$bhistorisch-prosopographische beiträge zu den epidemien des Corpus Hippocraticum /$cKarl Deichgräber 260 $aWiesbaden :$bF. Steiner,$c1982 300 $a1 v. ;$c24 cm 440 0$aAbhandlungen der Geistes- und Sozialwissenschaflichen Klasse ;$v1982/9 650 4$aIppocrate. Epidemiorum libri 710 2 $aAkademie der Wissenschaften und der Literatur 907 $a.b12304013$b02-04-14$c08-10-03 912 $a991002547989707536 945 $aLE002 Ann. 618/009(1982)$g1$i2002000128119$lle002$o-$pE0.00$q-$rl$s- $t0$u0$v0$w0$x0$y.i12699354$z08-10-03 996 $aPatienten des Hippokrates$9163143 997 $aUNISALENTO 998 $ale002$b08-10-03$cm$da $e-$fger$ggw $h4$i1 LEADER 02805nam 2200673 450 001 9910138885103321 005 20180731044803.0 010 $a2-8218-5067-0 010 $a2-7606-2484-6 024 7 $a10.4000/books.pum.497 035 $a(CKB)2470000000002270 035 $a(EBL)3248864 035 $a(SSID)ssj0000735515 035 $a(PQKBManifestationID)12300233 035 $a(PQKBTitleCode)TC0000735515 035 $a(PQKBWorkID)10749363 035 $a(PQKB)11676489 035 $a(CaPaEBR)407435 035 $a(CaBNvSL)slc00211990 035 $a(MiAaPQ)EBC3248864 035 $a(MiAaPQ)EBC4795654 035 $a(MiAaPQ)EBC6954505 035 $a(Au-PeEL)EBL6954505 035 $a(FrMaCLE)OB-pum-497 035 $a(oapen)https://directory.doabooks.org/handle/20.500.12854/57120 035 $a(VaAlCD)20.500.12592/18z223 035 $a(schport)gibson_crkn/2009-12-01/3/407435 035 $a(PPN)233380647 035 $a(EXLCZ)992470000000002270 100 $a20170222h20072007 uy 0 101 0 $afre 135 $aur|n|---||||| 181 $ctxt 182 $cc 183 $acr 200 10$aProfession sinologue /$fCharles Le Blanc 210 $cPresses de l?Université de Montréal$d2007 210 1$a[Montre?al, Canada] :$cLes Presses de l'Universite? de Montre?al,$d2007. 210 4$d©2007 215 $a1 online resource (71 p.) 225 1 $aProfession 300 $aDescription based upon print version of record. 311 $a2-7606-2027-1 320 $aIncludes bibliographical references. 330 $aÊtre sinologue, c?est chercher à comprendre et à faire comprendre les multiples facettes de la société et de la culture de la Chine. Par son isolement physique et culturel à l?autre bout de l?Eurasie, la Chine se donne comme l?Autre du monde indo-européen. Il incombe au sinologue de « traduire » cette différence pour à la fois comprendre et respecter la spécificité chinoise, enrichir l?esprit et le c?ur de l?Occident, et favoriser la communication la plus ouverte entre deux pôles incontournables de la planète. C?était bien là les valeurs que préconisait Jean Pierre Abel-Rémusat (1788-1832), titulaire de la première chaire d?études chinoises en Occident au Collège de France en 1814 et fondateur de l?étude scientifique de la Chine : la sinologie. 410 0$aProfession (Montre?al, Que?bec) 607 $aChina$xStudy and teaching$xSocial aspects 610 $aétude 610 $aChine 610 $asinologue 676 $a951.0072 700 $aLe Blanc$b Charles$0884362 801 0$bMiAaPQ 801 1$bMiAaPQ 801 2$bMiAaPQ 906 $aBOOK 912 $a9910138885103321 996 $aProfession sinologue$91974819 997 $aUNINA